[Event "IECC Trio 568 email"]
[Site "IECC email"]
[Date "1998.06.20"]
[Round "?"]
[White "Gallo, James"]
[Black "Lin, Chau Jen"]
[Result "0-1"]
[WhiteElo "1288"]
[BlackElo "1313"]
[PlyCount "72"]
[EventDate "1998.??.??"]
[EventType "tourn (corr)"]
[EventRounds "4"]
[SourceTitle "Corr 2008"]
[Source "ChessBase"]
[SourceDate "2008.06.24"]
[SourceVersion "1"]
[SourceVersionDate "2008.06.24"]
[SourceQuality "1"]

1. c4 e6 2. d4 d5 3. Nc3 Nf6 4. Bg5 Be7 5. e3 0-0 6. Nf3 h6 7. Bh4 Ne4 8. Bxe7 Qxe7 9. Nxe4 dxe4 10. Nd2 f5 11. c5 c6 12. Bc4 Kh8 13. 0-0 Nd7 14. Qb3 e5 15. Rad1 exd4 16. exd4 Nf6 17. Rfe1 Qc7 18. h3 b5 19. cxb6 axb6 20. a4 Bd7 21. f3 Rfe8 22. Bf7 Re7 23. Re3 f4 24. Re2 e3 25. Nb1 Bxh3 26. gxh3 Rxf7 27. h4 Rd7 28. Qc4 Rad8 29. Nc3 c5 30. d5 Qe5 31. Qb5 Nxd5 32. Nxd5 Rxd5 33. Rxd5 Qxd5 34. Kg2 Qd1 35. h5 Qd3 36. Qxd3 Rxd3 0-1